Central Library and Information Centre
Sibsagar Girls' College, Sivasagar : Assam

FEATURE OF COMPARATIVE EDUCATION (Record no. 7552)

MARC details
000 -LEADER
fixed length control field 00418cam a2200181ua 4500
008 - FIXED-LENGTH DATA ELEMENTS--GENERAL INFORMATION
fixed length control field 191125n II |||gr||||Z||||||eng
040 ## - CATALOGING SOURCE
Original cataloging agency MAIN
041 ## - LANGUAGE CODE
-- English
041 ## - LANGUAGE CODE
-- eng
082 ## - DEWEY DECIMAL CLASSIFICATION NUMBER
Classification number 370.9 CHA
100 ## - MAIN ENTRY--PERSONAL NAME
Personal name CHAUBE, S. P.
245 ## - TITLE STATEMENT
Title FEATURE OF COMPARATIVE EDUCATION
260 ## - PUBLICATION, DISTRIBUTION, ETC.
Place of publication, distribution, etc. AGRA
Name of publisher, distributor, etc. VINOD PUSTAK MANDIR
300 ## - PHYSICAL DESCRIPTION
Extent 628:
Dimensions 25CM.
942 ## - ADDED ENTRY ELEMENTS (KOHA)
Koha item type Books
653 ## - INDEX TERM--UNCONTROLLED
Uncontrolled term Comparative Education
Holdings
Withdrawn status Lost status Damaged status Not for loan Collection code Home library Current library Shelving location Date acquired Full call number Barcode Date last seen Copy number Price effective from Koha item type Public note
        REFEDU Central Library and Information Centre Sibsagar Girls College Central Library and Information Centre Sibsagar Girls College EDUCATION BOOK RACK 05.02.1997 370.9 CHA 14935 27.02.2020 1 27.02.2020 Books V


Sibsagar Girl's College © 2020. All rights reserved.
Powered by Koha.
Maintained by Abhijit Borpuzari.